000 00781nam a2200217Ia 4500
001 4181
003 GE_BSU
008 181216s||||||||xx |||||||||||||| ||und||
040 _cGE_BSU
080 _a621.64.002(035)
100 _aСукальский,Г.А. Ханапетов,М.В. Харас,З.Б.
245 _aСправочник по монтажу промышленного оборудования и трубопроводов.
245 _cРед. Л.В Зворыкина.
260 _aМ.
260 _bСтройиздат.
260 _c1967.
300 _a310 стр. 20 см.
300 _eТабл.
653 _aСправочник по монтажу промышленного оборудования и трубопроводов.
942 _cBK
999 _c38191
_d38191